Paroles de la chanson d'anniversaire buffalo grill - Statistiques

Statistiques générales
  • Ce quiz a été pris 106 fois
  • Le résultat moyen est 96 sur 219
Statistiques - réponses
Hint Réponse % Correct
à
97%
anniversaire
97%
(Couplet) | (Refrain) | (couplet) | (refrain) Bon
95%
bon
95%
in
94%
indiens
94%
le
94%
les
94%
Les
94%
petits
94%
anniversaire
92%
petits
90%
cowboys
70%
dans
59%
chanter
58%
copains
57%
danser
55%
Venez
53%
venez
53%
et
50%
Et
50%
avec
47%
on
43%
tous
41%
vos
40%
bien
35%
la
33%
s'amuse
31%
y
31%
de
26%
tout
26%
est
25%
ou
24%
buffalo)
22%
Buffalo
22%
ma
22%
des
18%
Ici
18%
ici
18%
un
18%
ce
16%
se
16%
en
15%
fête
15%
pour
14%
au
13%
une
13%
(chez
11%
du
11%
Il
11%
jour
11%
c'est
10%
cadeaux
9%
permis,
9%
permis
9%
gâteau
8%
sur
8%
Sur
8%
qui
7%
sont
7%
Youhou !
7%
bougies
6%
chocolat
6%
enfants
6%
filles
6%
garçons,
6%
ont
6%
Ouais !
6%
ouais !
6%
vanille
6%
air
5%
ans
5%
elles
5%
grand
5%
made
5%
Plein
5%
tipi
5%
bonheur
3%
brillent
3%
cookies
3%
desserts
3%
encore
3%
gourmandises
3%
jolie
3%
l'heure
3%
Qu'on
3%
squaw
3%
yeux
3%
banjo
2%
Comme
2%
comme
2%
devant
2%
faire
2%
faut
2%
fois
2%
habite
2%
magie
2%
ranch
2%
refrain
2%
souhaitons
2%
sous
2%
Voilà
2%
birthday
1%
chantons
1%
d'harmonica
1%
faites
1%
happy
1%
mains
1%
oulouloulou
1%
pieds,
1%
prochain
1%
réunit
1%
Tapez
1%
totem
1%
vrais
1%
Aucun quiz correspondant
Distribution des résultats
% des personnes avec chaque résultat
Percentile par nombre de réponses
Votre historique - résultats
Vous n’avez pas pris ce quiz